00345 2200145 4500001002100000005001500021035002000036245005000056100001800106300001200124260002900136082000800165084001400173990001200187INLIS00000000000207820250527095228 a0010-05250003701 aBelajar Tak Hanya di Sekolah /cRebecca Grane0 aRebecca Grane a256 hlm aJakarta :bEsensi,c2001 a370 a370 REB b a0713116